[Event "23rd OIBM 2019"]
[Site "Gmund am Tegernsee"]
[Date "2019.10.26"]
[Round "1.11"]
[White "Kannenberg, Karl-Heinz"]
[Black "Mons, Leon"]
[Result "0-1"]
[WhiteElo "2133"]
[BlackElo "2552"]
[Annotator "TA"]
[PlyCount "76"]
[EventDate "2019.10.17"]
[EventType "swiss"]
[EventCountry "GER"]
[SourceTitle "playchess.com"]
[Source "ChessBase"]
[SourceQuality "1"]

{[%evp 9,76,4,9,8,0,6,10,0,2,-1,0,-11,0,0,15,-18,0,-35,-30,-25,-21,-30,-25,-43,-31,-31,-25,-27,-27,-43,-27,-34,-29,-41,-14,-14,-14,-22,-12,-14,0,-29,-13,-20,-16,-22,-20,-35,0,0,0,-39,-35,-75,-56,-126,-129,-158,-157,-259,-214,-469,-181,-468,-476,-648,-429,-6295,-5473]} 1. d4 Nf6 2. Nf3 d5 3. e3 e6 4. Bd3 c5 5. b3 b6 6. O-O {D05: Colle System with ...e6} Bd6 (6... Bb7 7. Bb2 Bd6 8. Nbd2 O-O 9. Qe2 Nbd7 10. c4 cxd4 11. exd4 Re8 12. Ne5 Bf8 13. Rad1 Rc8 14. Rfe1 Rc7 15. Qe3 dxc4 16. bxc4 g6 17. Ndf3 Bg7 18. Ng5 Nxe5 19. dxe5 {½-½ (78) Mamedyarov,S (2800)-So,W (2812) Paris 2017}) 7. Bb2 O-O 8. Qe2 {The position is equal.} Nc6 9. a3 Bb7 10. Nbd2 Rc8 11. Ne5 Qc7 {[%cal Rc6e5]} 12. Nxc6 $146 ({Predecessor:} 12. f4 Ne7 13. Rac1 Ne4 14. Bxe4 dxe4 15. Nec4 cxd4 16. Nxd6 Qxd6 17. exd4 {½-½ (42) Mungunkhuu,M (2205)-Gunbayar,M (2311) Ulaanbaatar 2010}) 12... Bxc6 13. dxc5 Bxh2+ 14. Kh1 {[#] Threatens to win with cxb6.} Be5 15. cxb6 axb6 16. Bd4 Nd7 17. f4 Bf6 18. Nf3 Bxd4 19. Nxd4 Nc5 20. a4 Bd7 21. Rad1 e5 22. fxe5 Qxe5 23. Qf3 f6 24. Bf5 Rcd8 25. Kg1 Rfe8 26. Rfe1 Bxf5 27. Qxf5 Qc7 28. Nb5 Qf7 (28... Qc6 {is interesting.} 29. Qg4 Kh8 30. Qe2 Re5 31. Nd4 Qc8) 29. Nc3 {[%cal Rc3d5]} Re5 30. Qf4 Ne6 31. Qb4 Qc7 $36 {[%mdl 2048] White is under pressure.} 32. Re2 ({Better is} 32. Ne2 $15) 32... Rh5 $17 33. Qg4 Qh2+ 34. Kf1 (34. Kf2 $17 Qe5 35. e4) 34... Qe5 35. Rd3 $2 (35. Kg1) 35... Rh1+ $19 36. Kf2 f5 {Black is clearly winning.} 37. Qf3 {[%cal Rd3d5]} Nc5 {[#] And now ...Ne4+ would win.} 38. Rxd5 (38. g3 $142 Nxd3+ 39. cxd3) 38... Rxd5 {Accuracy: White = 47%, Black = 72%.} ({Weaker is} 38... Qxd5 39. Nxd5 Ne4+ 40. Qxe4 $11) 0-1

[Event "23rd OIBM 2019"]
[Site "Gmund am Tegernsee"]
[Date "2019.10.26"]
[Round "1.12"]
[White "Shevchenko, Kirill"]
[Black "Smits, Mark"]
[Result "1-0"]
[WhiteElo "2542"]
[BlackElo "2132"]
[Annotator "RC"]
[PlyCount "99"]
[EventDate "2019.10.17"]
[EventType "swiss"]
[EventCountry "GER"]
[SourceTitle "playchess.com"]
[Source "ChessBase"]
[SourceQuality "1"]
[TimeControl "40/5400+30:1800+30"]

1. e4 {[%emt 0:00:00]} e5 {[%emt 0:00:00]} 2. Nf3 {[%emt 0:00:37]} Nc6 {[%emt 0:00:00]} 3. Bb5 {[%emt 0:00:27]} Nge7 {[%emt 0:00:14]} 4. c3 {[%emt 0:05:41]} d6 {[%emt 0:00:38]} 5. d4 {[%emt 0:01:00]} Bd7 {[%emt 0:00:06]} 6. O-O {[%emt 0:02:01]} Ng6 {[%emt 0:00:13]} 7. Be3 {[%emt 0:03:21]} Be7 {[%emt 0:00:14]} 8. Nbd2 {[%emt 0:02:08]} O-O {[%emt 0:00:13]} 9. Ba4 {[%emt 0:03:56]} Qe8 {[%emt 0:03:32]} 10. Kh1 {[%emt 0:06:29]} Nd8 {[%emt 0:05:48]} 11. Bxd7 {[%emt 0:07:00]} Qxd7 {[%emt 0:00:06]} 12. Qb3 {[%emt 0:00:04]} exd4 {[%emt 0:08:14]} 13. cxd4 {[%emt 0:04:53]} Kh8 {[%emt 0:05:01]} 14. d5 {[%emt 0:04:01]} c5 {[%emt 0:04:25]} 15. dxc6 {[%emt 0:02:43]} bxc6 {[%emt 0:00:17]} 16. Rac1 {[%emt 0:06:11]} f5 {[%emt 0:03:26]} 17. exf5 {[%emt 0:04:00]} Rxf5 {[%emt 0:01:07]} 18. Nd4 {[%emt 0:07:01]} Rf8 {[%emt 0:08:30]} 19. Rfd1 {[%emt 0:07:28]} d5 {[%emt 0:13:37]} 20. Ne2 {[%emt 0:06:05]} Bd6 {[%emt 0:06:34]} 21. Qc2 {[%emt 0:05:35]} Qg4 {[%emt 0:07:17]} 22. Ng3 {[%emt 0:05:00]} c5 {[%emt 0:14:17]} 23. Bxc5 {[%emt 0:05:15]} Rc8 {[%emt 0:00:16]} 24. b4 {[%emt 0:06:50]} Rxf2 {[%emt 0:01:31]} 25. Qb3 {[%emt 0:01:26]} Bxc5 {[%emt 0:02:59]} 26. bxc5 {[%emt 0:00:15]} Nf4 {[%emt 0:00:31]} 27. Qe3 {[%emt 0:00:55]} Re2 {[%emt 0:01:28]} 28. Qf3 {[%emt 0:01:31]} Qxf3 {[%emt 0:02:00]} 29. Nxf3 {[%emt 0:00:02]} Rxa2 {[%emt 0:01:29]} 30. Nd4 {[%emt 0:00:12]} Nc6 {[%emt 0:02:04]} 31. Nxc6 {[%emt 0:01:03]} Rxc6 {[%emt 0:00:04]} 32. Nf5 {[%emt 0:00:22]} g6 {[%emt 0:03:43]} 33. Ne7 {[%emt 0:02:02]} Re6 {[%emt 0:05:57]} 34. c6 {[%emt 0:00:39]} Rxe7 {[%emt 0:00:15]} 35. c7 Re8 {[%emt 0:00:49]} 36. c8=Q {[%emt 0:00:44]} Rxc8 {[%emt 0:00:05]} 37. Rxc8+ {[%emt 0:00:01]} Kg7 {[%emt 0:00:07]} 38. g3 {[%emt 0:00:53]} Nh3 {[%emt 0:01:06]} 39. Rxd5 {[%emt 0:00:46]} h5 {[%emt 0:00:41]} 40. Rd7+ {[%emt 0:00:46]} Kh6 {[%emt 0:00:31]} 41. Rg8 {[%emt 0:12:18]} Nf2+ {[%emt 0:04:51]} 42. Kg1 {[%emt 0:00:18]} Nh3+ {[%emt 0:08:51]} 43. Kf1 {[%emt 0:00:11]} Rf2+ {[%emt 0:01:04]} 44. Ke1 {[%emt 0:00:04]} Rxh2 {[%emt 0:00:20]} 45. Rd6 {[%emt 0:01:49]} Ng1 {[%emt 0:02:14]} 46. Rgxg6+ {[%emt 0:03:07]} Kh7 {[%emt 0:00:07]} 47. Rge6 {[%emt 0:00:21]} Nf3+ {[%emt 0:01:56]} 48. Kd1 {[%emt 0:00:04]} Kg7 {[%emt 0:00:59]} 49. Re7+ {[%emt 0:00:32]} Kf8 {[%emt 0:00:07]} 50. Rxa7 {[%emt 0:00:18]} 1-0

[Event "23rd OIBM 2019"]
[Site "Gmund am Tegernsee"]
[Date "2019.10.26"]
[Round "1.13"]
[White "Kaiser, Elmar"]
[Black "Nasuta, Grzegorz"]
[Result "1-0"]
[WhiteElo "2131"]
[BlackElo "2534"]
[Annotator "ChessBase"]
[PlyCount "56"]
[EventDate "2019.10.17"]
[EventType "swiss"]
[EventCountry "GER"]
[SourceTitle "playchess.com"]
[Source "ChessBase"]
[SourceQuality "1"]
[TimeControl "40/5400+30:1800+30"]

1. e4 {[%emt 0:02:52]} e5 {[%emt 0:00:35]} 2. Nf3 {[%emt 0:00:14]} Nc6 {[%emt 0:00:05]} 3. Bb5 {[%emt 0:00:19]} a6 {[%emt 0:00:08]} 4. Ba4 {[%emt 0:00:15]} Nf6 {[%emt 0:00:10]} 5. O-O {[%emt 0:00:11]} Be7 {[%emt 0:01:37]} 6. Re1 {[%emt 0:00:39]} b5 {[%emt 0:00:17]} 7. Bb3 {[%emt 0:00:04]} d6 {[%emt 0:00:07]} 8. c3 {[%emt 0:00:28]} O-O {[%emt 0:00:12]} 9. h3 {[%emt 0:00:56]} Nb8 {[%emt 0:04:12]} 10. d4 {[%emt 0:01:00]} Nbd7 {[%emt 0:00:05]} 11. Nbd2 {[%emt 0:01:27]} Bb7 {[%emt 0:00:08]} 12. Bc2 {[%emt 0:00:11]} c5 {[%emt 0:00:13]} 13. d5 {[%emt 0:00:37]} c4 {[%emt 0:00:06]} 14. Nf1 {[%emt 0:00:29]} Qc7 {[%emt 0:00:06]} 15. Ng3 {[%emt 0:00:56]} g6 {[%emt 0:00:06]} 16. Bh6 {[%emt 0:04:11]} Rfb8 {[%emt 0:00:06]} 17. Qd2 {[%emt 0:00:15]} a5 {[%emt 0:01:07]} 18. Nh2 {[%emt 0:12:11]} b4 {[%emt 0:05:35]} 19. Nf5 {[%emt 0:12:22]} Bd8 {[%emt 0:13:57]} 20. Ba4 {[%emt 0:23:36]} Nc5 {[%emt 0:49:50]} 21. Bf8 {[%emt 0:01:14]} Ne8 {[%emt 0:00:22]} 22. Qh6 {[%emt 0:04:32]} Nxa4 {[%emt 0:00:40]} 23. Bxd6 {[%emt 0:00:17]} Qxd6 {[%emt 0:00:05]} 24. Nxd6 {[%emt 0:00:08]} Nxd6 {[%emt 0:00:04]} 25. cxb4 {[%emt 0:13:23]} Nxb2 {[%emt 0:03:52]} 26. bxa5 {[%emt 0:01:51]} Nd3 {[%emt 0:00:55]} 27. Re2 {[%emt 0:01:36]} Nf4 {[%emt 0:00:53]} 28. Ree1 {[%emt 0:01:55]} f5 {[%emt 0:00:23]} 1-0

[Event "23rd OIBM 2019"]
[Site "Gmund am Tegernsee"]
[Date "2019.10.26"]
[Round "1.14"]
[White "Chanda, Sandipan"]
[Black "Kastek, Thomas"]
[Result "1-0"]
[WhiteElo "2529"]
[BlackElo "2129"]
[Annotator "ChessBase"]
[PlyCount "41"]
[EventDate "2019.10.17"]
[EventType "swiss"]
[EventCountry "GER"]
[SourceTitle "playchess.com"]
[Source "ChessBase"]
[SourceQuality "1"]
[TimeControl "40/5400+30:1800+30"]

1. d4 {[%emt 0:00:00]} Nf6 {[%emt 0:00:00]} 2. c4 {[%emt 0:00:00]} e6 {[%emt 0:00:00]} 3. Nc3 {[%emt 0:00:00]} Bb4 {[%emt 0:00:07]} 4. e3 {[%emt 0:00:12]} O-O {[%emt 0:01:00]} 5. Bd2 {[%emt 0:00:11]} d5 {[%emt 0:01:56]} 6. Nf3 {[%emt 0:00:15]} b6 {[%emt 0:02:14]} 7. cxd5 {[%emt 0:00:25]} exd5 {[%emt 0:00:28]} 8. Rc1 {[%emt 0:00:13]} Be7 {[%emt 0:02:58]} 9. Ne5 {[%emt 0:00:33]} Bb7 {[%emt 0:01:19]} 10. Bd3 {[%emt 0:00:49]} c5 {[%emt 0:06:27]} 11. O-O {[%emt 0:00:17]} Nbd7 {[%emt 0:02:14]} 12. f4 {[%emt 0:00:44]} Rc8 {[%emt 0:01:27]} 13. Qf3 {[%emt 0:02:24]} cxd4 {[%emt 0:08:16]} 14. exd4 {[%emt 0:00:17]} Ne4 {[%emt 0:02:28]} 15. Qh3 {[%emt 0:08:23]} Ndf6 {[%emt 0:04:26]} 16. Be3 {[%emt 0:09:43]} Qd6 {[%emt 0:14:40]} 17. Nb5 {[%emt 0:15:51]} Qb8 {[%emt 0:28:59]} 18. g4 {[%emt 0:01:23]} Rxc1 {[%emt 0:07:40]} 19. Bxc1 {[%emt 0:00:49]} Rd8 {[%emt 0:01:57]} 20. g5 {[%emt 0:02:31]} Ne8 {[%emt 0:00:12]} 21. Qf5 {[%emt 0:01:18]} 1-0

[Event "23rd OIBM 2019"]
[Site "Gmund am Tegernsee"]
[Date "2019.10.26"]
[Round "1.15"]
[White "Lodes, Hermann"]
[Black "Marin, Mihail"]
[Result "0-1"]
[WhiteElo "2129"]
[BlackElo "2524"]
[Annotator "RC"]
[PlyCount "86"]
[EventDate "2019.10.17"]
[EventType "swiss"]
[EventCountry "GER"]
[SourceTitle "playchess.com"]
[Source "ChessBase"]
[SourceQuality "1"]
[TimeControl "40/5400+30:1800+30"]

1. c4 {[%emt 0:02:46]} f5 {[%emt 0:00:00]} 2. g3 {[%emt 0:01:06]} Nf6 {[%emt 0:00:04]} 3. Bg2 {[%emt 0:00:29]} g6 {[%emt 0:00:07]} 4. Nc3 {[%emt 0:00:24]} Bg7 {[%emt 0:00:07]} 5. d4 {[%emt 0:00:25]} O-O {[%emt 0:00:22]} 6. Nh3 {[%emt 0:01:10]} e6 {[%emt 0:00:21]} 7. d5 {[%emt 0:05:14]} e5 {[%emt 0:02:45]} 8. d6 {[%emt 0:02:44]} cxd6 {[%emt 0:00:41]} 9. Qxd6 {[%emt 0:00:19]} Nc6 {[%emt 0:01:01]} 10. O-O {[%emt 0:04:41]} h6 {[%emt 0:01:29]} 11. Rd1 {[%emt 0:08:21]} Kh7 {[%emt 0:04:52]} 12. Rb1 {[%emt 0:10:26]} Ne8 {[%emt 0:05:16]} 13. Qd2 {[%emt 0:01:25]} d6 {[%emt 0:02:11]} 14. c5 {[%emt 0:11:03]} Be6 {[%emt 0:01:30]} 15. cxd6 {[%emt 0:02:23]} Rf7 {[%emt 0:00:49]} 16. b3 {[%emt 0:02:51]} Rd7 {[%emt 0:02:01]} 17. Ba3 {[%emt 0:01:16]} Bf8 {[%emt 0:02:51]} 18. Qe3 {[%emt 0:03:43]} Qf6 {[%emt 0:18:24]} 19. Na4 {[%emt 0:02:35]} Bxd6 {[%emt 0:06:36]} 20. Nc5 {[%emt 0:05:42]} Re7 {[%emt 0:07:13]} 21. Bb2 {[%emt 0:06:43]} Rc8 {[%emt 0:09:00]} 22. Nxe6 {[%emt 0:08:42]} Rxe6 {[%emt 0:07:11]} 23. Bxc6 {[%emt 0:05:48]} Rxc6 {[%emt 0:02:52]} 24. Qxa7 {[%emt 0:00:38]} Qe7 {[%emt 0:01:21]} 25. Rbc1 {[%emt 0:01:41]} Ra6 {[%emt 0:03:32]} 26. Qe3 {[%emt 0:00:28]} g5 {[%emt 0:05:24]} 27. Kg2 {[%emt 0:00:31]} g4 {[%emt 0:02:03]} 28. Ng1 {[%emt 0:00:07]} Rxa2 {[%emt 0:00:09]} 29. Rc2 {[%emt 0:01:02]} Kg6 {[%emt 0:04:42]} 30. Rdc1 {[%emt 0:01:35]} Nf6 {[%emt 0:00:42]} 31. Rd1 {[%emt 0:02:33]} b6 {[%emt 0:04:48]} 32. f3 {[%emt 0:01:31]} Bc5 {[%emt 0:01:35]} 33. Qd2 {[%emt 0:00:50]} Rd6 {[%emt 0:00:56]} 34. Qc1 {[%emt 0:01:15]} Nd5 {[%emt 0:01:31]} 35. Rxd5 {[%emt 0:00:38]} Rxd5 {[%emt 0:00:04]} 36. fxg4 {[%emt 0:00:13]} Qg5 {[%emt 0:01:15]} 37. Qb1 {[%emt 0:00:30]} Qxg4 {[%emt 0:01:22]} 38. Nf3 {[%emt 0:00:42]} Qe4 {[%emt 0:00:19]} 39. Qc1 {[%emt 0:01:38]} Ra7 {[%emt 0:00:44]} 40. Kf1 {[%emt 0:01:00]} Re7 {[%emt 0:00:59]} 41. b4 {[%emt 0:31:46]} Be3 {[%emt 0:08:54]} 42. Rc6+ {[%emt 0:00:00]} Kh7 {[%emt 0:02:53]} 43. Qa1 {[%emt 0:00:00]} Red7 {[%emt 0:01:30]} 0-1

[Event "23rd OIBM 2019"]
[Site "Gmund am Tegernsee"]
[Date "2019.10.26"]
[Round "1.16"]
[White "Prusikin, Michael"]
[Black "Nehyba, Martin"]
[Result "1-0"]
[WhiteElo "2521"]
[BlackElo "2129"]
[Annotator "ChessBase"]
[PlyCount "55"]
[EventDate "2019.10.17"]
[EventType "swiss"]
[EventCountry "GER"]
[SourceTitle "playchess.com"]
[Source "ChessBase"]
[SourceQuality "1"]
[TimeControl "40/5400+30:1800+30"]

1. d4 {[%emt 0:00:00]} f5 {[%emt 0:00:00]} 2. c4 {[%emt 0:00:03]} Nf6 {[%emt 0:00:12]} 3. Nc3 {[%emt 0:00:07]} g6 {[%emt 0:00:10]} 4. h4 {[%emt 0:00:27]} Bg7 {[%emt 0:00:47]} 5. h5 {[%emt 0:00:11]} d6 {[%emt 0:07:19]} 6. hxg6 {[%emt 0:04:16]} hxg6 {[%emt 0:00:03]} 7. Rxh8+ {[%emt 0:00:05]} Bxh8 {[%emt 0:00:07]} 8. Nf3 {[%emt 0:00:26]} Nc6 {[%emt 0:00:44]} 9. Ng5 {[%emt 0:13:40]} e6 {[%emt 0:17:39]} 10. d5 {[%emt 0:02:55]} exd5 {[%emt 0:03:05]} 11. cxd5 {[%emt 0:01:27]} Ne5 {[%emt 0:00:08]} 12. Bf4 {[%emt 0:14:23]} Nh5 {[%emt 0:02:11]} 13. e3 {[%emt 0:03:28]} Qe7 {[%emt 0:15:32]} 14. Bb5+ {[%emt 0:09:11]} Kf8 {[%emt 0:10:12]} 15. Kf1 {[%emt 0:00:38]} Nxf4 {[%emt 0:00:52]} 16. exf4 {[%emt 0:00:04]} Nf7 {[%emt 0:00:15]} 17. Nf3 {[%emt 0:09:16]} Bd7 {[%emt 0:13:57]} 18. Bxd7 {[%emt 0:07:30]} Qxd7 {[%emt 0:00:02]} 19. Nh4 {[%emt 0:04:19]} Bf6 {[%emt 0:10:39]} 20. Nxg6+ {[%emt 0:01:07]} Kg7 {[%emt 0:00:05]} 21. Qh5 {[%emt 0:00:47]} Nh6 {[%emt 0:08:44]} 22. Nh4 {[%emt 0:00:59]} Bxh4 {[%emt 0:00:01]} 23. Qxh4 {[%emt 0:00:06]} Rh8 {[%emt 0:00:07]} 24. Re1 {[%emt 0:06:39]} Nf7 {[%emt 0:05:06]} 25. Qg3+ {[%emt 0:00:34]} Kf8 {[%emt 0:00:17]} 26. Kg1 {[%emt 0:01:37]} Qd8 {[%emt 0:03:40]} 27. Nb5 {[%emt 0:01:01]} Rg8 {[%emt 0:00:56]} 28. Nd4 {[%emt 0:02:44]} 1-0

[Event "23rd OIBM 2019"]
[Site "Gmund am Tegernsee"]
[Date "2019.10.26"]
[Round "1.17"]
[White "Kaeding, Rainer"]
[Black "Gukesh D"]
[Result "0-1"]
[WhiteElo "2127"]
[BlackElo "2520"]
[Annotator "RC"]
[PlyCount "76"]
[EventDate "2019.10.17"]
[EventType "swiss"]
[EventCountry "GER"]
[SourceTitle "playchess.com"]
[Source "ChessBase"]
[SourceQuality "1"]
[TimeControl "40/5400+30:1800+30"]

1. c4 {[%emt 0:00:00]} Nf6 {[%emt 0:07:22]} 2. g3 {[%emt 0:00:00]} g6 {[%emt 0:01:30]} 3. Bg2 {[%emt 0:00:25]} Bg7 {[%emt 0:00:07]} 4. Nc3 {[%emt 0:01:00]} O-O {[%emt 0:00:57]} 5. e4 {[%emt 0:00:52]} e5 {[%emt 0:01:27]} 6. Nge2 {[%emt 0:00:46]} Nc6 {[%emt 0:04:55]} 7. O-O {[%emt 0:01:10]} d6 {[%emt 0:00:42]} 8. d3 {[%emt 0:00:47]} Nd7 {[%emt 0:01:10]} 9. Be3 {[%emt 0:03:13]} Nc5 {[%emt 0:02:36]} 10. Nd5 {[%emt 0:03:45]} Bd7 {[%emt 0:08:42]} 11. Qd2 {[%emt 0:04:32]} Ne6 {[%emt 0:02:14]} 12. f4 {[%emt 0:03:38]} f5 {[%emt 0:23:24]} 13. Rae1 {[%emt 0:05:14]} fxe4 {[%emt 0:08:20]} 14. dxe4 {[%emt 0:00:32]} Ncd4 {[%emt 0:02:26]} 15. Kh1 {[%emt 0:09:33]} c6 {[%emt 0:01:48]} 16. Ndc3 {[%emt 0:00:22]} Qa5 {[%emt 0:07:15]} 17. Nc1 {[%emt 0:11:37]} Qb4 {[%emt 0:04:01]} 18. fxe5 {[%emt 0:06:05]} dxe5 {[%emt 0:01:04]} 19. b3 {[%emt 0:00:18]} Rad8 {[%emt 0:04:14]} 20. Nd3 {[%emt 0:02:00]} Qa5 {[%emt 0:00:31]} 21. Rxf8+ {[%emt 0:01:59]} Rxf8 {[%emt 0:00:43]} 22. Rf1 {[%emt 0:01:06]} Rxf1+ {[%emt 0:01:30]} 23. Bxf1 {[%emt 0:00:18]} Nf3 {[%emt 0:02:28]} 24. Qb2 {[%emt 0:00:37]} Ned4 {[%emt 0:01:39]} 25. b4 {[%emt 0:04:12]} Qd8 {[%emt 0:00:24]} 26. Qf2 {[%emt 0:02:35]} Bg4 {[%emt 0:04:59]} 27. h3 {[%emt 0:01:26]} Be6 {[%emt 0:02:07]} 28. Nc5 {[%emt 0:01:31]} Bc8 {[%emt 0:00:10]} 29. Ne2 {[%emt 0:14:56]} b6 {[%emt 0:02:21]} 30. Nb3 {[%emt 0:01:54]} Nxb3 {[%emt 0:00:34]} 31. axb3 {[%emt 0:04:10]} Nd2 {[%emt 0:00:10]} 32. Nc1 {[%emt 0:05:18]} Nxe4 {[%emt 0:01:04]} 33. Qf3 {[%emt 0:00:11]} Qf8 {[%emt 0:01:48]} 34. Bg2 {[%emt 0:02:30]} Qxf3 {[%emt 0:00:18]} 35. Bxf3 {[%emt 0:00:05]} Nxg3+ {[%emt 0:00:12]} 36. Kg2 {[%emt 0:00:14]} Nf5 {[%emt 0:01:02]} 37. Bg5 {[%emt 0:00:44]} Nd4 {[%emt 0:01:11]} 38. Be4 {[%emt 0:00:50]} Bf5 {[%emt 0:00:36]} 0-1

[Event "23rd OIBM 2019"]
[Site "Gmund am Tegernsee"]
[Date "2019.10.26"]
[Round "1.18"]
[White "Asadli, Vugar"]
[Black "Wenner, Tobias"]
[Result "1-0"]
[WhiteElo "2513"]
[BlackElo "2127"]
[Annotator "ChessBase"]
[PlyCount "47"]
[EventDate "2019.10.17"]
[EventType "swiss"]
[EventCountry "GER"]
[SourceTitle "playchess.com"]
[Source "ChessBase"]
[SourceQuality "1"]
[TimeControl "40/5400+30:1800+30"]

1. e4 {[%emt 0:00:00]} c6 {[%emt 0:00:00]} 2. c4 {[%emt 0:01:31]} d5 {[%emt 0:00:00]} 3. cxd5 {[%emt 0:00:04]} cxd5 {[%emt 0:00:07]} 4. exd5 {[%emt 0:00:03]} Nf6 {[%emt 0:00:38]} 5. Nc3 {[%emt 0:00:05]} Nxd5 {[%emt 0:02:34]} 6. Nf3 {[%emt 0:00:08]} e6 {[%emt 0:07:35]} 7. d4 {[%emt 0:00:17]} Be7 {[%emt 0:07:38]} 8. Bd3 {[%emt 0:00:08]} Nd7 {[%emt 0:05:32]} 9. Nxd5 {[%emt 0:04:19]} exd5 {[%emt 0:00:16]} 10. O-O {[%emt 0:03:54]} O-O {[%emt 0:00:11]} 11. Re1 {[%emt 0:00:31]} Re8 {[%emt 0:05:06]} 12. Bf4 {[%emt 0:01:29]} Nf8 {[%emt 0:01:47]} 13. Qb3 {[%emt 0:03:58]} Ne6 {[%emt 0:07:41]} 14. Be5 {[%emt 0:01:09]} f6 {[%emt 0:13:24]} 15. Bg3 {[%emt 0:04:53]} Bd6 {[%emt 0:02:45]} 16. Rac1 {[%emt 0:06:40]} Bxg3 {[%emt 0:00:57]} 17. hxg3 {[%emt 0:00:06]} Qd6 {[%emt 0:02:03]} 18. Qc2 {[%emt 0:08:25]} Bd7 {[%emt 0:04:05]} 19. Bxh7+ {[%emt 0:00:54]} Kh8 {[%emt 0:01:00]} 20. Bg6 {[%emt 0:00:33]} Rec8 {[%emt 0:01:00]} 21. Qf5 {[%emt 0:02:04]} Rxc1 {[%emt 0:11:33]} 22. Qh5+ {[%emt 0:01:01]} Kg8 {[%emt 0:00:03]} 23. Qh7+ {[%emt 0:00:08]} Kf8 {[%emt 0:00:12]} 24. Qh8+ {[%emt 0:00:18]} 1-0

[Event "23rd OIBM 2019"]
[Site "Gmund am Tegernsee"]
[Date "2019.10.26"]
[Round "1.19"]
[White "Konik, Michael"]
[Black "Engel, Luis"]
[Result "0-1"]
[WhiteElo "2126"]
[BlackElo "2507"]
[Annotator "ChessBase"]
[PlyCount "56"]
[EventDate "2019.10.17"]
[EventType "swiss"]
[EventCountry "GER"]
[SourceTitle "playchess.com"]
[Source "ChessBase"]
[SourceQuality "1"]
[TimeControl "40/5400+30:1800+30"]

1. e4 {[%emt 0:01:58]} c5 {[%emt 0:00:00]} 2. Nc3 {[%emt 0:00:07]} Nc6 {[%emt 0:00:00]} 3. f4 {[%emt 0:00:05]} g6 {[%emt 0:00:00]} 4. Nf3 {[%emt 0:00:10]} Bg7 {[%emt 0:00:03]} 5. Bb5 {[%emt 0:00:12]} Nd4 {[%emt 0:00:56]} 6. O-O {[%emt 0:00:18]} Nxb5 {[%emt 0:04:47]} 7. Nxb5 {[%emt 0:00:08]} Nf6 {[%emt 0:00:29]} 8. e5 {[%emt 0:09:50]} Nd5 {[%emt 0:02:30]} 9. Ng5 {[%emt 0:04:30]} O-O {[%emt 0:05:32]} 10. Ne4 {[%emt 0:11:04]} b6 {[%emt 0:06:30]} 11. d4 {[%emt 0:07:40]} cxd4 {[%emt 0:03:17]} 12. Qxd4 {[%emt 0:03:29]} Nc7 {[%emt 0:02:30]} 13. a4 {[%emt 0:06:37]} d6 {[%emt 0:02:52]} 14. Be3 {[%emt 0:06:01]} Nxb5 {[%emt 0:06:36]} 15. axb5 {[%emt 0:00:10]} Bb7 {[%emt 0:02:12]} 16. Nf2 {[%emt 0:04:21]} Qc7 {[%emt 0:05:47]} 17. Nd3 {[%emt 0:02:11]} Qxc2 {[%emt 0:01:17]} 18. Rf2 {[%emt 0:03:58]} Qb3 {[%emt 0:00:57]} 19. Nb4 {[%emt 0:01:54]} dxe5 {[%emt 0:02:05]} 20. fxe5 {[%emt 0:00:48]} Rfd8 {[%emt 0:01:13]} 21. Qf4 {[%emt 0:00:35]} g5 {[%emt 0:05:36]} 22. Qxg5 {[%emt 0:09:08]} Qxb4 {[%emt 0:01:01]} 23. Raf1 {[%emt 0:03:04]} f6 {[%emt 0:02:35]} 24. Qg3 {[%emt 0:03:57]} Qe4 {[%emt 0:02:30]} 25. exf6 {[%emt 0:01:30]} exf6 {[%emt 0:00:09]} 26. Rf4 {[%emt 0:02:27]} Qe5 {[%emt 0:00:38]} 27. Qf2 {[%emt 0:01:40]} Be4 {[%emt 0:01:27]} 28. Qh4 {[%emt 0:02:41]} f5 {[%emt 0:01:13]} 0-1